Biggest Cities in Chiapas - Statistics

General Stats
  • This quiz has been taken 22 times
  • The average score is 6 of 20
Answer Stats
Population City % Correct
578,830 Tuxtla Gutiérrez
86%
183,509 San Cristóbal de las Casas
79%
51,797 Palenque
57%
113,479 Comitán de Domínguez
50%
217,550 Tapachula de Córdova y Ordóñez
50%
55,931 Chiapa de Corzo
36%
25,366 Arriaga
29%
47,688 Ocosingo
29%
38,087 Tonalá
29%
36,084 Berriozábal
21%
21,727 Frontera Comalapa
21%
32,109 Huixtla
21%
20,044 Teopisca
21%
49,201 Cintalapa de Figueroa
14%
27,815 Motozintla de Mendoza
14%
29,018 Reforma
14%
37,546 Villaflores
14%
24,326 Las Margaritas
7%
21,194 Las Rosas
7%
43,247 Ocozocoautla de Espinosa
7%
No matching quizzes found
Score Distribution
Percent of People with Each Score
Percentile by Number Answered
Your Score History
You have not taken this quiz